| 000 | 00499cam a22001577a 4500 | ||
|---|---|---|---|
| 008 | 180718b2000 xxu||||| |||| 00| 0 eng d | ||
| 020 | _a0195793730 | ||
| 082 | _aA6x547 M119 | ||
| 100 | _aSafdar Mahmood | ||
| 245 |
_aPakistan: political roots and development 1947-1999 _cby Safdar Mahmood |
||
| 260 |
_aOxford _bOxford Univ. Press _c2000 |
||
| 300 | _a440p. | ||
| 440 | _aThe millennium series | ||
| 650 | _aPakistan - History, 1947-1999 | ||
| 650 | _aPakistan - Politics and government, 1947-1999 | ||
| 999 |
_c395300 _d395300 |
||